1955 1683 1760 1095 1022 1108 1684 1047 1919 1232 1043 1503 1991 1570 1621 1695 1243 1155 1428 1797 1923 1749 1578 1349 1408 1761 1684 1236 1921 1342 1102 1116 1414 1349 1523 1293 1051 1052 1839 1125 1984 1698 1150 1342 1742 1612 1721 1190 1000 1977 1685 1969 1311 1365 1422 1397 1376 1072 1030 1597 1097 1616 1937 1953 1345 1460 1198 1766 1449 1660 1621 1275 1152 1522 1761 1955 1327 1677 1375 1201 1559 1750 1090 1266 1646 1409 1984 1263 1032 1319 1905 1653 1843 1496 1960 1939 1359 1274 1204 BCNSPRNW ULIB Ver.6.0+V

เปลี่ยนเป็นภาษาไทย

Change to English
 แสดงรายละเอียดบรรณานุกรม
  กลับหน้าหลัก

Brief Record : Get Marc (ISO 2709) : E-mail record : QR code < ปิดหน้าต่าง
LEADER : 00000nam 2200000uu 4500
001    13399127094
003     ULIB
008    191010s2559||||th 000 0 tha d
020    ^a9786162277269
060    ^aWS103^bต-ต
100    ^aตุ๊บป่อง
245    ^aตบแผละ ชุดไปเล่นกับเพื่อน
250    ^aพิมพ์ครั้งที่ 1
260    ^aกรุงเทพฯ :^bบริษัท แปลน ฟอร์ คิดส์ จำกัด,^c2559
300    ^a20 หน้า;^b21 ซม.
650    ^aเด็ก^xการเรียนการสอน
945    ^p85^l0^i006282
999    ^aประนอม เกษจรัล
รายการนี้ยังไม่มีแท็ก
คุณยังไม่ได้ล็อกอิน คุณสามารถมีกิจกรรมร่วมกับเว็บไซต์ได้ แต่ต้องล็อกอินก่อน ::
  ล็อกอิน

รายการสื่อสารสนเทศ

ลำดับที่ ประเภท เลขเรียก/บาร์โค้ด สถานที่ สถานะ
1. วิทยาศาสตร์การแพทย์ และสุขภาพ
วิทยาศาสตร์การแพทย์ และสุขภาพ
WS103 ต-ต ฉ.1 
  Barcode: 006282
ห้องสมุดวิทยาเขตสวรรค์ประชารักษ์
►หนังสือทั่วไป
บนชั้น

รายการใกล้เคียง
    ผู้แต่ง [ตุ๊บป่อง]

BibComment


ยังไม่เคยถูกคอมเมนท์

คอมเมนท์ทรัพยากรรายการนี้
  คอมเมนท์: ตบแผละ ชุดไปเล่น..


 Copyright 2026. Bcnsprnw @Library